|
|
|
|
| LEADER |
00000nab a2200000 a 4500 |
| 001 |
vtls009332935 |
| 003 |
SK-MaSNL |
| 005 |
20260304153007.0 |
| 008 |
250506c2007 xo |||||||||||000 b|slo |
| 015 |
|
|
|a SNBRB2008/09
|2 snkbucl
|
| 035 |
|
|
|a (uuid)5a834a0b-8068-4778-8301-cdfdff5a417a
|
| 035 |
|
|
|a urn:nbn:sk:snk-ab2ebm
|
| 035 |
|
|
|a (urnnbn)urn:nbn:sk:snk:ar-a028tz
|
| 038 |
|
|
|a SNKBUCL
|
| 040 |
|
|
|a SNKBUCL
|b slo
|c SNKBUCL
|e AACR2
|
| 041 |
0 |
|
|a slo
|b eng
|b slo
|
| 044 |
|
|
|a xo
|c SK
|
| 080 |
|
|
|a 636.27.082
|2 1997
|
| 080 |
|
|
|a 591.15
|2 1997
|
| 080 |
|
|
|a 577.2
|2 1997
|
| 245 |
0 |
0 |
|a Polymorfizmus génu SCD pinzgauského dobytka
|c Vladimír Meluš ... [et al.]
|
| 246 |
3 |
1 |
|a SCD gene polymorphism of Pinzgau catlle
|
| 300 |
|
|
|b Obr., tab.
|
| 504 |
|
|
|a Bibliogr. odkazy
|
| 546 |
|
|
|a Res. angl., slov.
|
| 650 |
0 |
7 |
|a hovädzí dobytok
|2 snkbucl
|9 2818
|
| 650 |
0 |
7 |
|a pinzgauský dobytok
|2 snkbucl
|9 277098
|
| 650 |
0 |
7 |
|a metabolity
|2 snkbucl
|9 54874
|
| 650 |
0 |
7 |
|a gén SCD
|2 snkbucl
|9 1475739
|
| 650 |
0 |
7 |
|a polymorfizmus
|2 snkbucl
|9 19267
|
| 650 |
0 |
7 |
|a cholesterol
|2 snkbucl
|9 18377
|
| 700 |
1 |
|
|a Meluš, Vladimír,
|d 1972-
|4 aut
|9 199152
|
| 700 |
1 |
|
|a Kasarda, Radovan,
|d 1974-
|4 aut
|9 195297
|
| 700 |
1 |
|
|a Kadlečík, Ondrej,
|d 1948-
|4 aut
|9 113490
|
| 700 |
1 |
|
|a Trakovická, Anna,
|d 1954-
|4 aut
|9 193023
|
| 773 |
0 |
|
|t Acta fytotechnica et zootechnica
|g Roč. 10, č. 3 (2007), s. 67-69
|x 1335-258X
|
| 850 |
|
|
|a Slovenská národná knižnica
|
| 852 |
|
|
|a Slovenská národná knižnica
|
| 954 |
|
|
|a odborná, vedecká literatúra pôvodná (slovenská)
|2 lita
|
| 958 |
|
|
|a article27
|
| 958 |
|
|
|a NB
|
| 958 |
|
|
|a OND
|
| 958 |
|
|
|a EUIPO
|
| 999 |
|
|
|c 2951997
|d 2953927
|